Logo BPK

Biblioteka

Politechniki Koszalińskiej

Przypisy, powołania, bibliografia załącznikowa : (Rekord nr 55953)

Szczegóły MARC
000 -ETYKIETA REKORDU
podpole kontrolne o stałej długości 02438nam a2200601 i 4500
001 - NUMER KONTROLNY REKORDU
pole kontrolne 55953
003 - IDENTYFIKATOR NUMERU KONTROLNEGO REKORDU
podpole kontrolne KOSZ 005
005 - DATA OSTATNIEJ MODYFIKACJI REKORDU
podpole kontrolne 20220627115841.0
008 - POLE O STAŁEJ DŁUGOŚCI - DANE KONTROLNE
podpole kontrolne o stałej długości 220623s2008 pl f f 001 0 pol
015 ## - NUMER BIBLIOGRAFII NARODOWEJ
Numer bibliografii narodowej UWD 2009/1964
020 ## - MIĘDZYNARODOWY ZNORMALIZOWANY NUMER KSIĄŻKI - ISBN
ISBN 9788361464037
ISBN błędny lub unieważniony 97883614640307
035 ## - NUMER SYSTEMOWY
Numer systemowy przejętego rekordu 991047752229705066
035 ## - NUMER SYSTEMOWY
Numer systemowy przejętego rekordu (PL-WaBN)b23218034-48omnis_nlop
035 ## - NUMER SYSTEMOWY
Numer systemowy przejętego rekordu b23218034
035 ## - NUMER SYSTEMOWY
Numer systemowy przejętego rekordu (OCoLC)297844272
035 ## - NUMER SYSTEMOWY
Numer systemowy przejętego rekordu xx001248902
035 ## - NUMER SYSTEMOWY
Numer systemowy przejętego rekordu (PL)b0000002321803
035 ## - NUMER SYSTEMOWY
Numer systemowy przejętego rekordu (EXLNZ-48OMNIS_NETWORK)9910293806305606
040 ## - ŹRÓDŁO KATALOGOWANIA
Instytucja, która sporządziła opis WA N
Instytucja, która utworzyła rekord WA N
Instytucja, która dokonała modyfikacji KOSZ 005/RW
046 ## - DATY KODOWANE
Pojedyncza data lub początek okresu powstania dzieła lub zbioru dzieł 2008
080 ## - UNIWERSALNA KLASYFIKACJA DZIESIĘTNA - UKD
Łącznik pól i kolejność 1.1\x
UKD 01-027.21
080 ## - UNIWERSALNA KLASYFIKACJA DZIESIĘTNA - UKD
Łącznik pól i kolejność 1.2\x
UKD 001.81
080 ## - UNIWERSALNA KLASYFIKACJA DZIESIĘTNA - UKD
Łącznik pól i kolejność 1.3\x
UKD 014:001.81
080 ## - UNIWERSALNA KLASYFIKACJA DZIESIĘTNA - UKD
Łącznik pól i kolejność 1.4\x
UKD (07)
100 1# - NAZWA OSOBOWA
Nazwa osobowa Antczak, Mariola
Określenie rodzaju współpracy Autor
245 10 - TYTUŁ/ODPOWIEDZIALNOŚĆ
Tytuł Przypisy, powołania, bibliografia załącznikowa :
Ciąg dalszy tytułu jak tworzyć i stosować : podręcznik /
Pozostałe elementy strefy tytułu i oznaczenia odpowiedzialności Mariola Antczak, Anna Nowacka ; [recenzenci prof. Włodzimierz Goriszowski, mgr Agnieszka Filipek] ; Stowarzyszenie Bibliotekarzy Polskich.
246 15 - WARIANT TYTUŁU
Tytuł How to create and use annotations and references :
Ciąg dalszy tytułu the manual
250 ## - STREFA WYDANIA
Oznaczenie wydania Wydanie I.
260 ## - STREFA ADRESU WYDAWNICZEGO
Miejsce wydania Warszawa :
Nazwa wydawcy/dystrybutora Wydawnictwo Stowarzyszenia Bibliotekarzy Polskich,
Data publikacji, dystrybucji/powstania dokumentu 2008.
300 ## - STREFA OPISU FIZYCZNEGO
Objętość 130, [2] stron ;
Rozmiary 24 cm +
Dokument towarzyszący dysk optyczny (CD-ROM).
336 ## - TYP ZAWARTOŚCI
Termin opisujący typ zawartości Tekst
Kod określający zawartość txt
Źródło (terminu i kodu) rdacontent
337 ## - TYP MEDIÓW
Tryb odtwarzania Bez urządzenia pośredniczącego
Kod typu mediów n
Źródło (terminu i kodu) rdamedia
338 ## - TYP/RODZAJ NOŚNIKA
Hasło opisujące typ nośnika Wolumin
Kod typu nośnika nc
Źródło (terminu i kodu) rdacarrier
380 ## - FORMA I TYP PUBLIKACJI
Forma i typ publikacji Książki
380 ## - FORMA I TYP PUBLIKACJI
Forma i typ publikacji Publikacje dydaktyczne
388 1# - CZAS POWSTANIA
Czas powstania 2001-
490 1# - STREFA SERII I DOKUMENTU WIELOCZĘŚCIOWEGO - FORMA NIE DO WYSZUKIWANIA
Tytuł i oznaczenie odpowiedzialności serii Nauka, Dydaktyka, Praktyka =
-- Science, Didactics, Practice ;
Numeracja w obrębie serii 99
500 ## - UWAGI OGÓLNE
Tekst uwagi Na okładce błędny ISBN.
504 ## - UWAGA DOTYCZĄCA BIBLIOGRAFII
Informacje o bibliografii Bibliografia na stronach 111-[113]. Indeks.
650 #7 - HASŁO PRZEDMIOTOWE W FORMIE NAZWY OGÓLNEJ LUB JEDNOSTKOWEJ
Nazwa ogólna lub geograficzna Opis bibliograficzny
Źródło hasła lub terminu DBN
655 #7 - TERMIN INDEKSOWY - OKREŚLENIE RODZAJU/FORMY DOKUMENTU
Określenie rodzaju/formy dokumentu Bibliografia załącznikowa
Źródło terminu DBN
655 #7 - TERMIN INDEKSOWY - OKREŚLENIE RODZAJU/FORMY DOKUMENTU
Określenie rodzaju/formy dokumentu Podręcznik
Źródło terminu DBN
658 ## - TERMIN INDEKSOWY - PRZEDMIOT PROGRAMU NAUCZANIA
Główny przedmiot programu nauczania Bibliotekarstwo, archiwistyka, muzealnictwo
700 1# - HASŁO DODATKOWE - NAZWA OSOBOWA
Nazwa osobowa Nowacka, Anna
Dopowiedzenie (bibliotekarka)
Określenie związku między hasłem a opisywanym materiałem Autor
700 1# - HASŁO DODATKOWE - NAZWA OSOBOWA
Nazwa osobowa Goriszowski, Włodzimierz
Daty związane z nazwą (1928-2010)
Określenie związku między hasłem a opisywanym materiałem Recenzja
700 1# - HASŁO DODATKOWE - NAZWA OSOBOWA
Nazwa osobowa Filipek, Agnieszka
Określenie związku między hasłem a opisywanym materiałem Recenzja
710 2# - HASŁO DODATKOWE - NAZWA CIAŁA ZBIOROWEGO
Nazwa ciała zbiorowego lub jednostki geograficznej Stowarzyszenie Bibliotekarzy Polskich
710 2# - HASŁO DODATKOWE - NAZWA CIAŁA ZBIOROWEGO
Nazwa ciała zbiorowego lub jednostki geograficznej Wydawnictwo Stowarzyszenia Bibliotekarzy Polskich
Kod określenia powiązania pbl
830 #0 - HASŁO DODATKOWE SERII LUB DOKUMENTU WIELOCZĘŚCIOWEGO - TYTUŁ UJEDNOLICONY
Tytuł ujednolicony Nauka, Dydaktyka, Praktyka
Oznaczenie tomu 99
856 ## - LOKALIZACJA I DOSTĘP DO ELEKTRONICZNYCH DOKUMENTÓW ZDALNYCH
Link (URL) http://koha.tu.koszalin.pl/cgi-bin/koha/opac-detail.pl?biblionumber=55953
Tekst linku Katalog online BPK
942 ## - DODATKOWE ELEMENTY (KOHA)
Schemat klasyfikacji Uniwersalna Klasyfikacja Dziesiętna
Typ dokumentu Książka
Egzemplarze
Wycofany Status egzemplarza Dołączone materiały Uszkodzony Dostępność Lokalizacja stała Lokalizacja bieżąca Miejsce przechowywania Sygnatura Kod kreskowy Dział Typ dokumentu Kolekcja Uwaga przeznaczona na użytek publiczny
    1 dysk optyczny (CD-ROM)   Tylko na miejscu Biblioteka Politechniki Koszalińskiej Biblioteka Politechniki Koszalińskiej Czytelnia BG 89958 02462868 0 Dział ogólny Książka    
    1 dysk optyczny (CD-ROM)   Tylko na miejscu Biblioteka Politechniki Koszalińskiej Biblioteka Politechniki Koszalińskiej Czytelnia Wydziałowa ul. Kwiatkowskiego 6e 89960 02462844 001 Nauka i wiedza. Informacja Książka    
  Egz. niedostępny 1 dysk optyczny (CD-ROM)   Niedostępny Biblioteka Politechniki Koszalińskiej Biblioteka Politechniki Koszalińskiej Zbiory Wewnętrzne 89961 02462837   Książka Bibliotekarstwo  
    1 dysk optyczny (CD-ROM)   Tylko na miejscu Biblioteka Politechniki Koszalińskiej Biblioteka Politechniki Koszalińskiej Zbiory Wewnętrzne 89962 02462820   Książka Bibliotekarstwo D22
    1 dysk optyczny (CD-ROM)   Tylko na miejscu Czytelnia Wydziału Elektroniki i Informatyki, Wydziału Architektury i Wzornictwa, Wydziału Inżynierii Mechanicznej i Energetyki oraz Wydziału Inżynierii Lądowej, Środowiska i Geodezji Czytelnia Wydziału Elektroniki i Informatyki, Wydziału Architektury i Wzornictwa, Wydziału Inżynierii Mechanicznej i Energetyki oraz Wydziału Inżynierii Lądowej, Środowiska i Geodezji Czytelnia Wydziałowa ul. Śniadeckich 2 89959 02462851 0 Dział ogólny Książka    
© 2023 Biblioteka Politechniki Koszalińskiej :: KOHA